Responses for Show #679 - Thursday, July 16, 1987

Contestants

[<< previous game]

Amy Goldrich, an administrative assistant from Los Angeles, California

Eileen Dreyer, a housewife from Brooklyn, New York

Michael Klaper, a physician from Umatilla, Florida (whose 1-day cash winnings total $5,750)

Jeopardy! Round responses

FORESTS
ANIMALS
CLOTHING
FABLES & TALES
BRIDGE
WORDS OF THE '80s
    $100 3
Spain

Michael
    $100 1
wings

Michael
    $100 18
white

Amy
    $100 10
mud

Michael
    $100 26
the ace & the ten

Triple Stumper
    $100 12
a boomerang

Michael
    $200 4
forest fires

Michael
    $200 2
a tsetse fly

Michael
    $200 19
India

Michael
    $200 11
"The Boy Who Cried Wolf"

Amy
    $200 27
[The end-of-round signal sounds.]

a slam

Amy
    $200 14
breakdancing

Michael
    $300 6
(Michael: What is Australia?)
(Amy: What is North America?)

Europe

MichaelAmy
Triple Stumper
    $300 5
ears

Michael
    $300 20
puppies

Amy
    $300 16
Bremen Town

Eileen
    $300 15
crack

Eileen
    $400 9
(1 of) The Petrified Forest or (Beyond the Forest)

Eileen
    $400 7
(Eileen: What's an animal?)
(Alex: No. More specific.)
(Eileen: Uh, what's a deer?)

wildebeest

Eileen
Triple Stumper
    $400 21
"Short Shorts"

Eileen
    $400 17
Little Match Girl

Amy
    $400 24
(Michael: What is a shark?)
(Alex: Mmm, no. Be more specific.)
(Michael: Uh, shark teeth?)
...
(Alex: We're back to Amy; we've got less than a minute to go in the round.)

shark repellent

Michael
Triple Stumper
    $500 13
(Alex: The Earl of [*].)

Cardigan

Michael
    $500 8
the honey bear

Triple Stumper
    $500 23
Betsey Johnson

Amy
    $500 22
"The Gingerbread Boy (Man)"

Eileen
    $500 25
(Michael: What are bytes?)

instructions

Michael
Triple Stumper

Scores at the first commercial break (after clue 12):

Michael Eileen Amy
$800 $0 -$100

Scores at the end of the Jeopardy! Round:

Michael Eileen Amy
$800 $1,500 $1,400

Double Jeopardy! Round responses

ICELAND
SICKNESS & HEALTH
MUSICAL FACTS
TRANSPORTATION
THE MILITARY
OCCUPATIONAL NAMES
    $200 26
fishing

Eileen
    $200 1
(Amy: What is exercise?)

lovemaking (sex)

MichaelAmy
    $200 3
4

Michael
    $200 13
(Eileen: What's an airport?)

a railroad

Eileen
Triple Stumper
    $200 21
combat

Amy
    $200 6
Weaver

Eileen
    $400 27
[The end-of-round signal sounds.]

books

Eileen
    $400 2
waking up

Eileen
    $400 4
the B

Triple Stumper
    $400 14
a compass

Michael
    $400 22
(Alex: We've got a minute to go.)

the inantry

Michael
    $400 7
(Alice) Cooper

Triple Stumper
    $600 5
smoking

Eileen
    $600 16
a philharmonic

Michael
    $600 15
A (Pontiac) Trans-Am

Amy
    $600 23
a jumper

Triple Stumper
    $600 8
Miller

Michael
    $800 11
Alzheimer's

Michael
    $800 17
very softly

Michael
    $500 19
[NOTE: The song's title is "Trains And Boats And Planes".]

(2 of) boat & train (or plane)

Michael
    $800 24
the British Marines

Michael
    $900 9
(Michael: Who is Miller?)

(Victoria) Principal

Michael
    $1000 12
yourself

Michael
    $1000 18
F, C

Triple Stumper
    $1000 20
a kayak

Triple Stumper
    $1000 25
Inchon

Michael
    $1000 10
Frederick Albert Cook

Triple Stumper

Scores at the end of the Double Jeopardy! Round:

Michael Eileen Amy
$7,200 $3,100 $2,000
(lock game)

[wagering suggestions for these scores]

Final Jeopardy! Round responses

AMERICAN LITERATURE
AmyWhat is Nicholas Nickelby
$2,000
EileenWhat is Oliver Twist?
$3,100
MichaelWhat is Rags to Riches
$975
Uncle Tom's Cabin

Final scores:

Michael Eileen Amy
$6,225 $0 $0
2-day champion: $11,975 2nd place: trip on PSA to San Francisco & stay at Travelodge at the Wharf 3rd place: Symphonic VHS HQ video cassette recorder

Game dynamics:

Coryat scores:

Michael Eileen Amy
$8,400 $3,100 $2,000
22 R
(including 1 DD),
4 W
(including 1 DD)
10 R
(including 1 DD),
2 W
8 R,
2 W

Combined Coryat: $13,500

[game clues] [game scores] [suggest correction]

Game tape date: 1987-03-10
The J! Archive is created by fans, for fans. Scraping, republication, monetization, and malicious use prohibited; this site may use cookies and collect identifying information. See terms. The Jeopardy! game show and all elements thereof, including but not limited to copyright and trademark thereto, are the property of Jeopardy Productions, Inc. and are protected under law. This website is not affiliated with, sponsored by, or operated by Jeopardy Productions, Inc. Join the discussion at JBoard.tv.